[Event "Bad Zwesten op 8th"]
[Site "Bad Zwesten"]
[Date "2004.01.03"]
[Round "2"]
[White "Uwira, Oliver"]
[Black "Schmehl, Juergen"]
[Result "1/2-1/2"]
[WhiteElo "2246"]
[BlackElo "1975"]
[PlyCount "82"]
[EventDate "2004.01.??"]
[EventType "swiss"]
[EventRounds "9"]
[EventCountry "GER"]
[SourceTitle "CBM 098 Extra"]
[Source "ChessBase"]
[SourceDate "2004.03.10"]
[SourceVersion "2"]
[SourceVersionDate "2004.03.10"]
[SourceQuality "1"]

1. d4 Nf6 2. Bg5 d5 3. Bxf6 exf6 4. e3 Be7 5. c4 c6 6. Nc3 Be6 7. cxd5 cxd5 8. Bd3 0-0 9. Nge2 Qa5 10. a3 Nc6 11. Nf4 Rfd8 12. 0-0 Rac8 13. Qf3 Bf8 14. Kh1 Ne7 15. Bb1 Qb6 16. Na4 Qb5 17. Qd1 Ng6 18. Bd3 Qd7 19. Nxe6 fxe6 20. b4 b6 21. Qb3 f5 22. Ba6 Rc7 23. Rac1 Bd6 24. Nc3 Qe7 25. Nb5 Rxc1 26. Rxc1 Bb8 27. f4 Qh4 28. Kg1 Nxf4 29. exf4 Qxf4 30. Re1 Qxh2+ 31. Kf2 Qh4+ 32. Ke2 Qe4+ 33. Kf1 Qf4+ 34. Qf3 Qxf3+ 35. gxf3 Kf7 36. Rc1 g5 37. Nxa7 Bf4 38. Rc6 Ra8 39. Bc8 Rxa7 40. Bxe6+ Kg7 41. Bxd5 Rxa3 1/2-1/2

[Event "Bad Zwesten op 7th"]
[Site "Bad Zwesten"]
[Date "2003.??.??"]
[Round "7"]
[White "Radick, Katrin"]
[Black "Schmehl, Juergen"]
[Result "1/2-1/2"]
[WhiteElo "1572"]
[BlackElo "1685"]
[PlyCount "52"]
[EventDate "2003.01.02"]
[EventType "swiss"]
[EventRounds "9"]
[EventCountry "GER"]
[SourceTitle "CBM 092 Extra"]
[Source "ChessBase"]
[SourceDate "2003.03.07"]
[SourceVersion "1"]
[SourceVersionDate "2003.03.07"]
[SourceQuality "1"]

1. e4 c5 2. Nf3 Nc6 3. d4 cxd4 4. Nxd4 Nf6 5. Nc3 d6 6. Be2 e5 7. Nxc6 bxc6 8. Bg5 Be7 9. 0-0 0-0 10. Bxf6 Bxf6 11. Bc4 Be6 12. Bxe6 fxe6 13. Qd3 d5 14. Qh3 Qe7 15. Rad1 Rab8 16. b3 a5 17. Rfe1 d4 18. Na4 Rfe8 19. f4 c5 20. fxe5 Bxe5 21. Qh5 Qc7 22. Nb2 d3 23. Nxd3 Bd4+ 24. Kh1 e5 25. h3 Rf8 26. Rf1 Qc6 1/2-1/2

[Event "Bad Zwesten op 7th"]
[Site "Bad Zwesten"]
[Date "2003.??.??"]
[Round "4"]
[White "Schmehl, Juergen"]
[Black "Foerster, Rudi"]
[Result "0-1"]
[WhiteElo "1685"]
[BlackElo "2063"]
[PlyCount "48"]
[EventDate "2003.01.02"]
[EventType "swiss"]
[EventRounds "9"]
[EventCountry "GER"]
[SourceTitle "CBM 092 Extra"]
[Source "ChessBase"]
[SourceDate "2003.03.07"]
[SourceVersion "1"]
[SourceVersionDate "2003.03.07"]
[SourceQuality "1"]

1. e4 c5 2. Nf3 Nc6 3. d4 cxd4 4. Nxd4 e5 5. Nb5 d6 6. c4 Be7 7. N1c3 a6 8. Na3 Nf6 9. Nc2 Be6 10. Be2 Rc8 11. 0-0 Na5 12. Ne3 0-0 13. Qa4 Nc6 14. Ned5 Nd4 15. Bd3 Nxd5 16. cxd5 Bd7 17. Qd1 Bg5 18. Qh5 Bxc1 19. Raxc1 Qb6 20. Rb1 f5 21. Qd1 f4 22. Qd2 Rf6 23. Kh1 f3 24. g3 Bh3 0-1

[Event "Bad Zwesten op 7th"]
[Site "Bad Zwesten"]
[Date "2003.??.??"]
[Round "2"]
[White "Schmehl, Juergen"]
[Black "Koller, Jens"]
[Result "0-1"]
[WhiteElo "1685"]
[BlackElo "2119"]
[PlyCount "119"]
[EventDate "2003.01.02"]
[EventType "swiss"]
[EventRounds "9"]
[EventCountry "GER"]
[SourceTitle "CBM 092 Extra"]
[Source "ChessBase"]
[SourceDate "2003.03.07"]
[SourceVersion "1"]
[SourceVersionDate "2003.03.07"]
[SourceQuality "1"]

1. e4 c5 2. Nf3 e6 3. d4 cxd4 4. Nxd4 Nc6 5. Nc3 a6 6. Be3 Nge7 7. Be2 Nxd4 8. Qxd4 b5 9. 0-0 Nc6 10. Qd2 Be7 11. f4 0-0 12. a3 Qc7 13. Rad1 Rb8 14. e5 b4 15. axb4 Nxb4 16. Kh1 f6 17. f5 fxe5 18. fxe6 Rxf1+ 19. Rxf1 dxe6 20. Bh5 Qd8 21. Qxd8+ Bxd8 22. Bc5 Bf6 23. Ne4 Nd5 24. Ba3 Bb7 25. Nd6 Ne3 26. Rf2 Be7 27. Bf7+ Kh8 28. Bxe6 Bxd6 29. Bxd6 Rd8 30. Rf8+ Rxf8 31. Bxf8 Nxc2 32. Kg1 Nd4 33. Bh3 Kg8 34. Ba3 Kf7 35. Kf2 Kf6 36. Bf8 g6 37. Ba3 h5 38. Bd7 Bc6 39. Bc8 a5 40. Ba6 e4 41. Bf8 Nf5 42. g3 Bd7 43. Bc5 Ke5 44. Bc4 Nd6 45. Be2 Kd5 46. Ba3 Nf5 47. Ba6 Nd4 48. Bf8 Nc2 49. Bh6 a4 50. Bg5 Bc6 51. Bh6 Nd4 52. Bf8 Ne6 53. Bh6 Nc7 54. Bf1 Bb5 55. Bg2 Bd3 56. Bg7 Ne6 57. Bh8 Nd4 58. Ke3 Nc2+ 59. Kf4 Nd4 60. Ke3 0-1

[Event "Bad Zwesten op 7th"]
[Site "Bad Zwesten"]
[Date "2003.??.??"]
[Round "3"]
[White "Sergin, Mark"]
[Black "Schmehl, Juergen"]
[Result "0-1"]
[WhiteElo "1345"]
[BlackElo "1685"]
[PlyCount "150"]
[EventDate "2003.01.02"]
[EventType "swiss"]
[EventRounds "9"]
[EventCountry "GER"]
[SourceTitle "CBM 092 Extra"]
[Source "ChessBase"]
[SourceDate "2003.03.07"]
[SourceVersion "1"]
[SourceVersionDate "2003.03.07"]
[SourceQuality "1"]

1. d4 Nf6 2. Nf3 g6 3. Bg5 Bg7 4. c4 c5 5. d5 d6 6. Nc3 0-0 7. e3 a6 8. Be2 b5 9. cxb5 Qb6 10. Qb3 Nbd7 11. 0-0 axb5 12. Bxb5 h6 13. Bxf6 Nxf6 14. Bc4 Qxb3 15. Bxb3 Ba6 16. Rfe1 Rfb8 17. Nd2 Nd7 18. f4 c4 19. Nxc4 Bxc4 20. Bxc4 Rxb2 21. Rac1 Rc8 22. Ne2 Nc5 23. Ng3 Rcb8 24. a3 Ra8 25. Rb1 Rxa3 26. Rxb2 Bxb2 27. Rb1 Bf6 28. Kf2 Kg7 29. Kf3 h5 30. Re1 Bc3 31. Re2 f5 32. h4 Bf6 33. Nf1 Bxh4 34. g3 Bf6 35. Nd2 Rc3 36. Bb5 Rc2 37. Nf1 Rxe2 38. Kxe2 Bc3 39. Bc4 Kf6 40. Kf3 Ne4 41. Bd3 Nc5 42. Bc4 e6 43. dxe6 Nxe6 44. Bxe6 Kxe6 45. Nh2 Kd5 46. Nf1 Ba5 47. Nh2 Bc3 48. Nf1 Ba5 49. Nh2 Ke6 50. Nf1 d5 51. Nh2 Kd6 52. Nf1 Kc5 53. Nh2 Bc3 54. Nf1 Kc4 55. Nh2 Kd3 56. Nf1 Bd2 57. Kf2 Bb4 58. Kf3 Be1 59. Nh2 Kd2 60. Nf1+ Kd1 61. Nh2 Bc3 62. Nf1 Ke1 63. Nh2 Ba5 64. Kg2 Ke2 65. Nf3 Kxe3 66. Ne5 Ke2 67. Nxg6 d4 68. Ne5 d3 69. Nxd3 Kxd3 70. Kh3 Ke3 71. Kh4 Kf3 72. Kxh5 Bd8 73. Kg6 Kg4 74. Kh6 Kxg3 75. Kg6 Kxf4 0-1

[Event "Bad Zwesten op 4th"]
[Site "Bad Zwesten"]
[Date "2000.01.19"]
[Round "9"]
[White "Turp, Hueseyin"]
[Black "Schmehl, Juergen"]
[Result "1-0"]
[WhiteElo "1641"]
[BlackElo "1683"]
[PlyCount "173"]
[EventDate "2000.01.??"]
[EventType "swiss"]
[EventRounds "9"]
[EventCountry "GER"]
[SourceTitle "EXT 2001"]
[Source "ChessBase"]
[SourceDate "2000.11.22"]
[SourceVersion "1"]
[SourceVersionDate "2000.11.22"]
[SourceQuality "1"]

1. d4 Nf6 2. c4 c5 3. d5 b5 4. b3 g6 5. Bb2 Bg7 6. Nf3 0-0 7. g3 d6 8. Bg2 Nbd7 9. 0-0 Rb8 10. Qc2 bxc4 11. bxc4 Nb6 12. Nbd2 Bd7 13. Rfe1 Na4 14. Ba3 Qc7 15. Rab1 Rxb1 16. Rxb1 Rb8 17. Rb3 Nb6 18. Rb1 Ba4 19. Qd3 Nbd7 20. Nb3 Ng4 21. Qe4 Nge5 22. Nxe5 Nxe5 23. e3 Kf8 24. Bf1 Nd7 25. h4 Nf6 26. Qd3 Bd7 27. f3 h5 28. Bc1 Kg8 29. Bd2 Ne8 30. Bc3 Nf6 31. Qc2 Ne8 32. Bxg7 Nxg7 33. e4 Ne8 34. Qd2 Kg7 35. Re1 Nf6 36. Qc3 Kg8 37. Kg2 Ne8 38. Bd3 Ng7 39. f4 Qc8 40. Qa5 Bh3+ 41. Kh2 Rb7 42. Qa6 Bg4 43. Bc2 Qc7 44. Kg2 Qb6 45. Qxb6 axb6 46. a4 Ra7 47. Nd2 Kf8 48. Nb1 Bd7 49. Nc3 Ne8 50. Rb1 Ra6 51. Kf2 Nf6 52. Kf3 Bg4+ 53. Ke3 Bd7 54. Bd1 Kg7 55. Kd3 Ne8 56. Rb2 Nc7 57. Bf3 Ne8 58. e5 dxe5 59. fxe5 Bf5+ 60. Be4 Bd7 61. Ke3 Nc7 62. Bc2 Ne8 63. Kf3 Nc7 64. Ke3 Ne8 65. Ra2 Kf8 66. Ra1 Kg7 67. Rf1 Nc7 68. Rb1 Be8 69. Kf4 Bd7 70. Kg5 Ne8 71. Kf4 Nc7 72. Ke3 Be8 73. Re1 Bd7 74. Ra1 Be8 75. Bd3 Bd7 76. Bf1 Kg8 77. Kf4 Kg7 78. Kg5 Ne8 79. Kf4 Kg8 80. Ke3 Kg7 81. Ra2 Nc7 82. Bg2 Kg8 83. Ke4 Kg7 84. Ke3 Kg8 85. Kf2 Kg7 86. Kg1 Kg8 87. Kh1 1-0